000 00707nam a2200241 a 4500
001 BRCA_4173
005 20190320204555.0
008 220410s1949----nyua######---#000-0#eng-#
041 _aeng
044 _anyu
050 4 _aNE544
_b.M48 1949
245 1 0 _aThe Metropolitan Museum of Art Bulletin.
260 _aNueva York
_bMetropolitan Museum of Art
_c1949
300 _a81-108 p.
_bil., grabados, fotos
_c25 cm.
500 _aVol. VIII, No. 3 noviembre, 1949
500 _aBoletín inventariado por Banco de México como libro
500 _aA71
650 1 4 _aGrabadores mexicanos
_97389
650 1 4 _aGrabados mexicanos
_9806
650 1 4 _aGrabado
_zMéxico
_9545
902 _aGFM
942 _2lcc
_cB
999 _c3889
_d3889